00472nam a22001457a 4500003000900000005001700009007000300026008004100029020001900070040002600089110004300115245010000158260004400258300002400302DO-SdBNP20211109132023.0ta211109b2019 dr ||||| |||| 00| 0 spa d a 9789945606348 aDO-SdBNPbspacBNPHU 1 aRepública Dominicana.b[Leyes, etc.]10aReglamentos y resoluciones de transito del INTRANT /cedición Héctor Bienvenido Gúzman. aSanto Domingo :bEditora Dalis, c2019. a148, 4 p.c21 cm.